000 00523nam a2200181Ia 4500
005 20260429112236.0
008 260429s9999||||xx |||||||||||||| ||und||
020 _a9789392683884
041 _aHindi
082 _a891.433
_bSAB
100 _aशबनम, माया
245 0 _aदिवांगना /
_cमाया शबनम
250 _a1st ed.
260 _aनई दिल्ली :
_bप्रकाशन संस्थान,
_c2023.
300 _a192 p.; Hb
650 _aNovel
942 _cTB
999 _c53076
_d53076